00815nam a2200229Ia 4500003000900000008004100009020003000050020003100080040001600111100001700127245005300144260003800197300002000235490002600255650001800281650004300299650003400342650009300376650002000469700002300489856007300512IN-BaIIA211028s9999 xx s 000 0 eng d a978-0-387-09627-8 (Print) a978-0-387-09628-5 (Online) cIIA Library aUlivi, Paolo 0aRobotic Exploration of the Solar Systemh[eBook] aNew YorkbSpringer New Yorkc2012 aOnline resource aSpringer Praxis Books a Astrobiology a Astronomy, Astrophysics and Cosmology a Popular Science in Astronomy a Space Sciences (including Extraterrestrial Physics, Space Exploration and Astronautics) aPopular Science aHarland, David M.  uhttp://doi.org/10.1007/978-0-387-09628-5yClick Here to Access eBook